| 000 | 00579nam a22002057a 4500 | ||
|---|---|---|---|
| 003 | BUBTL | ||
| 008 | 180307b xxu||||| |||| 00| 0 eng d | ||
| 020 | _a9848372148 | ||
| 041 | _aEnglish | ||
| 082 | _a344.046/ H7949i/ 2017 | ||
| 100 |
_91820 _aHossain, Md. Iqbal |
||
| 245 |
_aInternational Environmental Law Bangladesh Perspective/ _bMd. Iqbal Hossain |
||
| 250 | _a6th ed | ||
| 260 |
_aDhaka _bAin Prokashan _cc2017 |
||
| 300 |
_axvi,832 p. : _c21 cm. |
||
| 650 | 0 |
_926 _aLaw |
|
| 856 |
_k0 _l0 _yDownload |
||
| 942 |
_2ddc _cBK |
||
| 999 |
_c5692 _d5692 |
||